Banking

Enregistré dans:
Détails bibliographiques
Auteur principal: English Language Services
Format: Livre
Langue:Undetermined
Publié: Londres, Inglaterra Collier-MacMillan International 1966
Sujets:
Tags: Ajouter un tag
Pas de tags, Soyez le premier à ajouter un tag!

MARC

LEADER 00000nam a2200000Ia 4500
008 170316s9999 xx 000 0 und d
090 |a 415-I E-6b 
100 |a English Language Services 
245 |a Banking 
260 |a Londres, Inglaterra 
260 |b Collier-MacMillan International 
260 |c 1966 
300 |a 86 páginas 
650 |a GRAMÁTICA INGLESA 
999 |c 19358  |d 19358 
040 |a cru BVZT 
942 |c 15 D  |h 415-I E-6b  |2 z